[Event "Shropshire Open"]
[Site "Telford"]
[Date "2024.01.14"]
[Round "4.2"]
[White "Vaidyanathan, Adithya"]
[Black "Fleming, Nigel"]
[Result "1-0"]
[WhiteElo "1959"]
[BlackElo "2092"]
[Annotator "Van Kemenade, Rudy"]
[PlyCount "71"]
[EventDate "2024.01.12"]
[EventType "swiss"]
[EventRounds "5"]
[EventCountry "ENG"]
[SourceTitle "BritBase"]
[Source "John Saunders"]
[SourceDate "2024.04.05"]
[SourceVersion "1"]
[SourceVersionDate "2024.04.05"]
[SourceQuality "1"]

1. Nf3 Nf6 2. d4 e6 3. c4 b6 4. a3 {played by Spassky and Karpov} Bb7 5. Nc3 d5
6. Bg5 Be7 7. e3 O-O 8. b4 (8. Rc1 {main,53% for Wh}) 8... dxc4 (8... c5 {2-2-2
}) 9. Bxc4 {1-2-4} a5 $146 (9... Nbd7 {0-3-4}) 10. b5 (10. Rb1) 10... Ne4 11.
Bxe7 Qxe7 12. Nxe4 Bxe4 13. Bd3 Bxd3 14. Qxd3 Nd7 (14... c6 $11 {SF16}) 15. O-O
(15. Qc3 $14 {SF16}) 15... Rac8 16. Rac1 Rfd8 17. Qb3 e5 18. Rc3 h6 19. h3 e4 (
19... exd4 20. Nxd4 Nc5 21. Nc6 Qe4 22. Rxc5 bxc5 23. Nxd8 Rxd8 24. Qc3 Qb7 25.
Qxc5 Rd5 26. Qc2 Rg5 27. g3 Rxb5 $11 {SF16}) 20. Nd2 Nf6 21. Nc4 Nd5 22. Rc2
Qg5 23. Rfc1 Kh8 (23... Qe7 $14 {SF16}) 24. Ne5 $18 Qf5 25. Rxc7 a4 26. Qa2 (
26. Qxd5 Rxd5 27. Rxc8+ Kh7 28. g4 Qe6 29. R1c6 Qe7 30. R6c7 Qxa3 31. Nxf7 Kg6
32. Rg8 $18 {SF16}) 26... Rxc7 (26... Nxc7 27. Qxf7 $18 {SF16}) 27. Rxc7 Nxc7
28. Nxf7+ Kh7 29. Nxd8 Qxb5 30. Qf7 Ne8 31. Ne6 Qc6 32. d5 Qc1+ 33. Kh2 Qxa3
34. Qxe8 Qd6+ 35. g3 a3 36. Qf7 (36. Qf7 Qe5 37. Nf8+ Kh8 38. Ng6+ Kh7 39. Nxe5
a2 40. Qf5+ Kg8 41. Ng6 a1=Q 42. Ne7+ Kh8 43. Qf8+ Kh7 44. Qg8#) 1-0

[Event "Shropshire Open"]
[Site "Telford"]
[Date "2024.01.14"]
[Round "4.3"]
[White "Sullivan, Daniel"]
[Black "Kett, Timothy"]
[Result "1/2-1/2"]
[WhiteElo "2016"]
[BlackElo "2205"]
[Annotator "Van Kemenade, Rudy"]
[PlyCount "71"]
[EventDate "2024.01.12"]
[EventType "swiss"]
[EventRounds "5"]
[EventCountry "ENG"]
[SourceTitle "BritBase"]
[Source "John Saunders"]
[SourceDate "2024.04.05"]
[SourceVersion "1"]
[SourceVersionDate "2024.04.05"]
[SourceQuality "1"]

1. e4 e5 2. Nf3 Nc6 3. Bc4 Nf6 4. d3 Be7 5. O-O d6 6. a4 {scores best for Wh
at 69%} (6. c3) (6. h3 {main lines}) 6... O-O 7. Re1 Be6 (7... Na5 {main}) 8.
Bxe6 (8. Nbd2) (8. a5 {main lines}) 8... fxe6 9. c3 Qd7 10. b4 Rae8 (10... a6 {
main, 68% for Wh}) 11. Nbd2 {4-1-1} (11. Na3 {2-0}) 11... Bd8 12. Nc4 $14 (12.
b5 $16 Ne7 13. d4 {3-0}) (12. Nf1 $14 Qf7 13. b5 Nb8 14. Be3 Nbd7 15. Ng3 {
Eljanov-Khmelniker, ISR ch tm 2019,1-0}) 12... Qf7 13. h3 (13. d4 $16 {SF16})
13... Nh5 14. Be3 (14. Ra2 $16 {SF16}) 14... b6 (14... Nf4) 15. b5 $18 Nb8 16.
Nfxe5 dxe5 17. Nxe5 Qf6 18. Qxh5 g6 19. Qh6 g5 20. Qxf6 (20. Ng4) 20... Bxf6
21. Bd4 Rd8 22. Rad1 c5 23. bxc6 Bxe5 24. Bxe5 Nxc6 25. Bg3 e5 26. Re2 (26. Kf1
{SF16}) 26... Rd7 27. Red2 Rfd8 28. Kf1 Kf7 29. Ke2 Kf6 30. f3 (30. h4 g4 31.
Rb2 Kg6 32. Rb5 Re8 33. Ke3 h5 34. f4 gxf3 35. gxf3 Kf7 36. d4 $18 {SF16})
30... Na5 31. Bf2 (31. d4 $18 {SF16}) 31... Nb3 32. Rb2 (32. Rc2 Rc8 33. Rb1
$18 {SF16}) 32... Rxd3 33. Rdb1 (33. Rbb1 Rxd1 34. Rxd1 Rxd1 35. Kxd1 h6 36.
Kc2 Na5 37. Kd3 Ke6 38. Be3 Kd7 39. h4 $18 {0.00/0 SF16- with pawns on both
sides of the board, the B is stronger than the N. Besides, all of Bl's pawns
can be targets for the}) 33... Nd2 34. Rd1 Nb3 35. Rdb1 Nd2 36. Rd1 {(draw?)} (
36. Bxb6 axb6 37. Rxb6+ Kg7 38. Rb7+ Kg8 39. Rd1 R3d6 40. Re7 h6 41. Rxe5 Nxe4
42. Rxd6 Nxd6 43. a5 Kf7 44. a6 Ra8 45. Ra5 Ra7 46. f4 gxf4 47. Kf3 $11 {SF16})
1/2-1/2

[Event "Shropshire Open"]
[Site "Telford"]
[Date "2024.01.14"]
[Round "4.4"]
[White "Burrows, Martin"]
[Black "Whitmore, Darren"]
[Result "1-0"]
[WhiteElo "2159"]
[BlackElo "1878"]
[Annotator "Van Kemenade, Rudy"]
[PlyCount "65"]
[EventDate "2024.01.12"]
[EventType "swiss"]
[EventRounds "5"]
[EventCountry "ENG"]
[SourceTitle "BritBase"]
[Source "John Saunders"]
[SourceDate "2024.04.05"]
[SourceVersion "1"]
[SourceVersionDate "2024.04.05"]
[SourceQuality "1"]

1. e4 c5 2. Nf3 Nc6 3. d4 cxd4 4. Nxd4 Qb6 5. Nb3 g6 (5... Nf6) (5... e6 {
main lines}) 6. Nc3 Bg7 7. Be3 (7. Nd5 {main, 53% for Wh}) 7... Qc7 8. Qd2 Nf6
9. f3 (9. Be2 O-O 10. Bh6 Bxh6 11. Qxh6 d5 12. h4 Bg4 13. h5 {Cannon-Whitmore,
Birmingham op 2022,1-0}) 9... O-O 10. O-O-O Rd8 $16 {SF16} (10... d6 11. g4 {
main, 53% for Wh}) 11. Nd5 $16 {SF16} (11. g4 $11 {2 draws, 1 Bl win}) 11...
Nxd5 12. exd5 Ne5 13. d6 $5 (13. h4 d6 14. h5 $16 {SF16}) 13... exd6 14. Qxd6
Qxd6 15. Rxd6 Re8 $11 16. Bf4 Kf8 (16... Bf8 17. Rd5 Nc6 $11) 17. Rd1 (17. Nc5
$16 {SF16}) 17... a6 18. Nc5 d5 (18... b5 19. Be2 f5 20. Rhe1 d6 21. Rxd6 Nc4
22. Bxc4 Rxe1+ 23. Kd2 Re8 24. Bd5 Ra7 25. Bc6 Be5 26. Bh6+ Kg8 27. Rd3 Rae7
28. Bxe8 Rxe8 29. c3 Bxh2 $11 {SF16}) 19. Rxd5 Bf5 20. Bxe5 (20. Nxb7 Nc6 21.
Bc4 $18 {SF16}) 20... Rxe5 21. Rxe5 Bxe5 22. Bd3 Bxd3 23. Nxd3 $18 Bd6 24. f4
Re8 25. Kd2 b5 26. g3 f5 27. Re1 Rxe1 28. Nxe1 Ke7 29. Kd3 Bc5 30. Nf3 Kd6 31.
c3 (31. c4) 31... Bf2 32. b3 Kc5 $2 33. Ke2 1-0

[Event "Shropshire Open"]
[Site "Telford"]
[Date "2024.01.14"]
[Round "4.5"]
[White "He, Tom Junde"]
[Black "Ferrington, Nigel"]
[Result "0-1"]
[WhiteElo "1745"]
[BlackElo "2122"]
[Annotator "Van Kemenade, Rudy"]
[PlyCount "72"]
[EventDate "2024.01.12"]
[EventType "swiss"]
[EventRounds "5"]
[EventCountry "ENG"]
[SourceTitle "BritBase"]
[Source "John Saunders"]
[SourceDate "2024.04.05"]
[SourceVersion "1"]
[SourceVersionDate "2024.04.05"]
[SourceQuality "1"]

1. d4 Nf6 2. Nf3 d5 3. c4 e6 4. g3 Be7 5. Bg2 O-O 6. Qc2 a6 (6... c5) (6...
dxc4 {main lines}) 7. O-O (7. Nbd2) 7... dxc4 8. a4 (8. Qxc4 {alternative})
8... Bd7 9. Rd1 (9. Qxc4) 9... Bc6 {main} (9... Nc6 10. Qxc4 b5 11. axb5 axb5
12. Rxa8 Qxa8 13. Qxb5 {4 Wh wins, 1 draw}) 10. Nc3 Nd5 (10... Bxf3 11. Bxf3
Nc6 12. Bxc6 bxc6 13. a5 {276 games, 58% for Wh}) 11. e4 {79games, 70 % for Wh}
Nxc3 (11... Nb4 12. Qe2 Nd3 13. Be3 b5 14. d5 $16 {2 Wh wins, 1 draw}) 12. bxc3
b5 13. Ne5 $16 {SF16- 67% for Wh} (13. d5 {75% for Wh}) 13... Be8 $146 {
3rd line SF16} (13... Bb7 14. Rb1 $16 {3 Wh wins, two draws} (14. Qb1 $16 {
3 draws,1 Bl win})) (13... Qe8 14. Bf4 $16 {2-0}) 14. a5 (14. axb5 Bxb5 15. Qa2
Nd7 16. Nxc4 $16 {SF16}) 14... Qc8 $15 (14... f6 $17 {SF16}) 15. f4 c5 16. d5
exd5 17. exd5 Bd6 $17 18. Be3 f6 (18... Bd7 19. Qf2 Bf5 $17 {SF16}) 19. Nc6 Bg6
(19... f5 $17) 20. Qf2 (20. Qe2) 20... Nd7 21. Bf3 (21. f5 {difficult decision
to cede the e5 square} Bh5 22. Re1 Kh8 23. Bf4 Ne5 24. Nxe5 fxe5 25. Bxe5 Rxf5
26. Bh3 Rxf2 27. Bxc8 Bxe5 28. Rxe5 Rd2 29. Bb7 Ra7 30. Bxa6 Rxa6 31. Rxh5 b4
32. d6 $11 {SF16}) 21... Bd3 $17 22. Bd2 Qc7 (22... f5 $19 {SF16}) 23. Re1 Rfe8
(23... f5 $19 {SF16}) 24. Re6 Nf8 (24... f5 {Engines can be quite insistent})
25. Re3 Rxe3 26. Bxe3 (26. Qxe3 Bg6 27. Qf2 Re8 28. Re1 Qd7 $17 {SF16}) 26...
Nd7 27. Re1 b4 28. Be2 {an interesting sacrifice} (28. Bd2 b3 29. Bc1 Nf8 30.
Qe3 Bg6 31. Qd2 Qb7 32. Kf2 Kh8 $17 {SAF16}) 28... bxc3 29. Rc1 c2 (29... Qb7
30. Rxc3 Qb2 $19 {SF16}) 30. Qf1 Nb8 (30... Be4 31. Bxc4 f5 32. Qe2 Re8 33. Bf2
Nf6 $17 {SF16} 34. Bxa6 g5 35. fxg5 Nxd5 $19) 31. Bxd3 cxd3 32. Qxd3 Nxc6 33.
dxc6 Qxc6 34. Rxc2 Rc8 (34... Re8 {SF16} 35. Qc4+ Kh8 36. Bxc5 $2 Rc8 $19) 35.
Qc4+ Kf8 (35... Kh8 36. Bf2 Rb8 37. Rc1 h5 $15 {SF16}) 36. Rd2 (36. Rb2 $11 {
SF16}) 36... Be7 $15 {Bl was suddenly worried about Rxd6, however SF16 finds
it is no real threat Wh won the c pawn, though Qs & Rs came off.However then
Wh had all hs pawns on the colour of his B, and game ended at about move 50.}
0-1

[Event "Shropshire Open"]
[Site "Telford"]
[Date "2024.01.14"]
[Round "4.6"]
[White "Underwood, Jon"]
[Black "Hilditch-Love, Daniel"]
[Result "1/2-1/2"]
[WhiteElo "2098"]
[BlackElo "1930"]
[Annotator "Van Kemenade, Rudy"]
[PlyCount "76"]
[EventDate "2024.01.12"]
[EventType "swiss"]
[EventRounds "5"]
[EventCountry "ENG"]
[SourceTitle "BritBase"]
[Source "John Saunders"]
[SourceDate "2024.04.05"]
[SourceVersion "1"]
[SourceVersionDate "2024.04.05"]
[SourceQuality "1"]

1. c4 Nf6 2. Nc3 c5 3. g3 g6 4. Bg2 Bg7 5. Nf3 O-O 6. d4 cxd4 7. Nxd4 Nc6 8.
O-O Qb6 (8... Nxd4 9. Qxd4 d6 10. Qd3 {main}) 9. Nb3 d6 10. Nd5 (10. Be3 {main}
) 10... Nxd5 11. cxd5 Ne5 12. Be3 Qd8 {63% for Wh} (12... Qa6 {main 44% for Wh}
) 13. Rc1 $14 (13. Bd4 $14 {4-5-2}) 13... Ng4 (13... Bd7 14. Qd2 $11 {0-1} (14.
h3 Ba4 15. Bd4 Bh6 16. f4 Nd7 17. g4 $14 {Garcia-Picado, NCA ch tm Managua
2015,1-0})) 14. Bd4 f5 15. h3 Nf6 16. Qd2 Bd7 17. Qb4 (17. Qe3 Nh5 18. Bxg7
Nxg7 19. Rc4 $16 {SF16}) 17... Qb8 (17... a5 18. Qa3 Bh6 19. e3 Bg7 20. Nd2 $14
{SF16}) 18. Na5 (18. Rc2 b6 19. Rfc1 a5 20. Qa3 a4 21. Nd2 b5 22. Rc7 Rc8 23.
Rxc8+ Bxc8 24. Qe3 Qb7 25. Nf3 $16 {SF16}) 18... b6 19. Nc6 Bxc6 (19... Qe8 20.
a4 h5 21. h4 Kh7 22. a5 $16 {SF16}) 20. dxc6 $18 Qc7 21. Qb3+ Kh8 22. Qe6 (22.
Rfd1 e5 23. Be3 Rad8 24. Bd5 $18 (24. Bg5 $18 {SF16})) 22... Ne8 23. e3 Bxd4
24. exd4 Rf6 25. Qe3 $16 e5 (25... e6) 26. d5 (26. dxe5 Re6 (26... dxe5 27.
Rfd1 Nd6 28. Qxe5 $18) 27. exd6 Rxe3 28. dxc7 Re7 29. Rfe1 Rxc7 30. Red1 Nf6
31. b4 Kg7 32. b5 $18 {SF16}) 26... f4 (26... Qg7 27. Rfd1 Nc7 28. Rc2 $16 {
SF16}) 27. gxf4 (27. Qd3 $16) 27... Rxf4 $14 {Wh's B is not very effective in
this position, blocked by its own pawns} 28. Rfd1 Ng7 $11 29. Be4 Raf8 30. f3
Nh5 $15 (30... Nf5 31. Bxf5 R8xf5 $15) 31. Kh2 R4f6 (31... Qe7 $11) 32. Qg5 $14
Nf4 33. Rc2 R6f7 34. Rg1 Nh5 $2 (34... b5 $14) 35. Qh6 (35. Bxg6 $18 Rxf3 (
35... hxg6 36. Qh6+ Kg8 37. Qxh5) 36. Bxh5 R3f6 37. Rcg2 $18 {SF16}) 35... Nf4
36. Rg4 (36. a4) 36... Rf6 37. Rc1 Qf7 38. Rcg1 Rg8 {(draw?)} (38... Rg8 39. h4
Qg7 40. Qxg7+ Kxg7 41. Rc1 Rf7 42. Rc4 Kf6 43. Rg1 Ke7 44. Ra4 Kd8 45. Ra6 Kc8
46. b4 Ne2 47. Rg2 Nd4 $11 {SF16}) 1/2-1/2

[Event "Shropshire Open"]
[Site "Telford"]
[Date "2024.01.14"]
[Round "4.7"]
[White "Jukes, Sam"]
[Black "Baer, Bruce L"]
[Result "0-1"]
[WhiteElo "1969"]
[BlackElo "2090"]
[Annotator "Van Kemenade, Rudy"]
[PlyCount "79"]
[EventDate "2024.01.12"]
[EventType "swiss"]
[EventRounds "5"]
[EventCountry "ENG"]
[SourceTitle "BritBase"]
[Source "John Saunders"]
[SourceDate "2024.04.05"]
[SourceVersion "1"]
[SourceVersionDate "2024.04.05"]
[SourceQuality "1"]

1. e4 g6 2. d4 Bg7 3. Nc3 a6 4. f4 b5 5. Nf3 d6 {recommended by Tiger
Hillarp-Persson, aming for possible c5} (5... Bb7 {main}) 6. Bd3 c5 (6... Nd7 {
Tiger}) 7. dxc5 dxc5 8. e5 Bb7 9. O-O (9. Qe2 Nh6 10. a4 {4-3-1}) 9... Nh6 10.
Qe2 (10. Be4 Qc8 {3-2-0}) 10... Nf5 $146 (10... O-O {1-0-3}) (10... Qb6 11. Be4
O-O {J Tan-Meri Grigoryan, Queenstown op 2009,0-1}) 11. Bxf5 gxf5 12. Be3 $16
Qc8 13. Rad1 e6 14. Qf2 (14. g4 $18 {SF16}) 14... Bf8 $11 15. Ne2 Be7 16. Ng3 (
16. Qg3 Kf8 17. Qh3 h5 18. Bf2 Bxf3 19. Qxf3 Qc6 20. Qxc6 Nxc6 $11 {Sf16})
16... h5 $15 17. h4 Nd7 (17... Bxf3 18. Qxf3 Qc6 19. Qxc6+ Nxc6 20. Kh2 c4 $15
{SF16}) 18. Kh2 (18. Ng5 $14) 18... Qc6 19. c3 O-O-O $15 20. b4 Rdg8 21. bxc5 (
21. Kh3 Rg4 22. Ne2 f6 $19 (22... Rhg8 $19 {SF16})) 21... Rg4 $19 22. Nd4 Qxg2+
(22... Qc7 23. c6 Bxc6 24. Nxc6 Qxc6 25. Ne2 Rxh4+ 26. Kg1 Rg4 $19) 23. Qxg2
Bxg2 24. Rf2 (24. Kxg2 Bxh4 25. Nde2 Bxg3 26. Kf3 Bh4 27. a4 bxa4 28. Rd6 Nb8
29. Rb1 Bd8 30. Nd4 $11 {SF16}) 24... Bd5 25. c6 (25. Ndxf5 Bxh4 26. Rxd5 exd5
27. Rf3 Bxg3+ 28. Rxg3 Kc7 $19 {SF16}) 25... Nc5 (25... Rxh4+ 26. Kg1 Rg8 27.
cxd7+ Kxd7 28. Rf3 Rxg3+ 29. Rxg3 Rh1+ 30. Kf2 Rxd1 $19 {SF16}) (25... Nxe5 26.
Ndxf5 (26. fxe5 Rxh4+ 27. Kg1 Rg8 $19) 26... exf5 27. Rxd5 Bxh4 28. Nxf5 Bxf2
29. Bxf2 Nxc6 $19 {SF16}) 26. Ndxf5 exf5 27. Nxf5 $18 Bf8 28. Rfd2 $2 (28. Rxd5
$18) 28... Bxc6 (28... Bf3 29. Rd8+ Kc7 30. R1d2 Rg2+ 31. Rxg2 Kxd8 $19 {SF16})
(28... Be4 $19 {SF16}) 29. Rd8+ Kc7 (29... Kb7 30. Bxc5 Rxf4 31. Rxf8 Rxf8 32.
Bxf8 Rxf5 $15 {SF16}) 30. Bxc5 Bxc5 (30... Rxf4 31. Rxf8 Rxf8 32. Bxf8 Rxf5 33.
a3 $11 {SF16}) 31. Rxh8 Rxf4 32. Nh6 (32. Rxh5 $16 {SF16}) 32... Rf2+ (32...
Bf2 33. Rd3 Be4 34. Rh3 a5 $19 {SF16= 2Bs are often superior to R & N in
endings, they co=operated better}) 33. Kg3 Be3 (33... f6 $15) 34. Rd4 $2 {
time scramble} (34. Rh7 $11) (34. Rd6 $11) 34... Rg2+ (34... Bxd4 35. cxd4 Rf3+
36. Kh2 b4 $19) 35. Kh3 Rxa2 $19 36. Nxf7 Bxd4 37. cxd4 b4 38. Nd6 Bd7+ 39. Kg3
b3 40. Nc4 0-1

[Event "Shropshire Open"]
[Site "Telford"]
[Date "2024.01.14"]
[Round "4.8"]
[White "Potter, John M"]
[Black "Bolt, Graham"]
[Result "1-0"]
[WhiteElo "2196"]
[BlackElo "2039"]
[Annotator "Van Kemenade, Rudy"]
[PlyCount "59"]
[EventDate "2024.01.12"]
[EventType "swiss"]
[EventRounds "5"]
[EventCountry "ENG"]
[SourceTitle "BritBase"]
[Source "John Saunders"]
[SourceDate "2024.04.05"]
[SourceVersion "1"]
[SourceVersionDate "2024.04.05"]
[SourceQuality "1"]

1. e4 g6 2. d4 Bg7 3. Nc3 d6 4. Bg5 h6 5. Be3 (5. Bh4) 5... Nf6 6. f3 a6 (6...
c6 7. Qd2 {main, 59% for Wh}) 7. Qd2 {6-2-3} (7. a4 {3-2-1}) 7... b5 8. a4 b4
9. Nd1 a5 10. Bc4 $146 (10. Bd3 $14 {1-1-1}) (10. c3 $14 {0.5-1.5}) 10... d5
11. Bb3 $5 (11. Bd3 dxe4 12. fxe4 e5 $11 {SF16}) 11... dxe4 {a delayed
Blackmar-Diemer Gambit} 12. Nf2 Bb7 13. O-O-O exf3 (13... e6 $15) 14. Nxf3 Bd5
$11 (14... e6 $11) 15. Nd3 (15. Ne5 $11) (15. Rhe1 $11) 15... Bxb3 (15... Ne4
16. Qe2 e6 $17 {SF16}) 16. cxb3 Nd5 (16... Qd5 17. Qc2 (17. Kc2 Ne4 18. Qe2 Ra6
$17) 17... Qc6 18. Qc4 Nd5 19. Rhe1 e6 $11 {SF16}) 17. Rhe1 (17. Kb1 $16) 17...
Nd7 18. Kb1 N7f6 (18... Nxe3 19. Qxe3 O-O 20. Rc1 e6 21. Rc6 $16 {SF16}) 19.
Bf2 O-O 20. Nfe5 Re8 21. g4 Qc8 22. Qe2 $18 Nd7 23. Qf3 $16 (23. Nxf7 Ra6 24.
Nfe5 $18 {SF16}) (23. Nxg6 Nc3+ (23... fxg6 24. Qe6+ Kh7 25. Qxd5) 24. bxc3
fxg6 25. cxb4 axb4 26. Bg3 $18 {SF16}) 23... Nxe5 24. Nxe5 Nf6 25. h4 $18 Kh7
26. g5 (26. Ka2 $18) 26... Ng8 (26... Nh5 27. Nxf7 Qf5+ 28. Qxf5 gxf5 29. d5
$18) 27. Qxf7 Qf5+ $2 28. Qxf5 gxf5 29. g6+ Kh8 30. Nf7# 1-0

[Event "Shropshire Open"]
[Site "Telford"]
[Date "2024.01.14"]
[Round "4.9"]
[White "Hood, Simon W"]
[Black "Mason, Donald"]
[Result "1/2-1/2"]
[WhiteElo "2043"]
[BlackElo "2055"]
[Annotator "Van Kemenade, Rudy"]
[PlyCount "53"]
[EventDate "2024.01.12"]
[EventType "swiss"]
[EventRounds "5"]
[EventCountry "ENG"]
[SourceTitle "BritBase"]
[Source "John Saunders"]
[SourceDate "2024.04.05"]
[SourceVersion "1"]
[SourceVersionDate "2024.04.05"]
[SourceQuality "1"]

1. e4 e6 2. d4 d5 3. Nc3 Nf6 4. e5 Nfd7 5. f4 c5 6. Nf3 Nc6 7. Be3 Be7 (7... a6
) (7... cxd4 {main lines} 8. Nxd4 Bc5 9. Qd2 O-O 10. O-O-O a6 11. h4 {
Lappage-Mason, Coventry Open 2005,0-1}) 8. Qd2 O-O 9. Be2 (9. dxc5 {main}) 9...
b6 10. O-O Bb7 11. Nd1 (11. Rad1 {main}) 11... cxd4 12. Nxd4 Nc5 13. Nf2 f5 (
13... Qd7) (13... Nxd4 {main lines}) 14. exf6 Bxf6 15. Rad1 (15. c3 {1 Wh win,
2 draws}) 15... Nxd4 $146 (15... Qc7 16. Nb5 Qe7 17. Ng4 Bh4 18. Nd4 Ne4 19.
Qd3 Na5 20. Bc1 Bf6 21. Qh3 Bxd4+ 22. Rxd4 Nc6 23. Rdd1 $14 {Swati-Pham, Asian
Continental op (women) 2014,0-1}) (15... Qe7 16. Bb5 Nxd4 17. Bxd4 e5 18. fxe5
Bxe5 19. Bxe5 Qxe5 20. Qd4 $11 {Ganguly-Raahul, IND ch rapid, Pune 2023,1-0})
16. Bxd4 Qc7 17. Qe3 (17. Bxf6 gxf6 18. Qe3 $14 {SF16}) 17... Ne4 18. Nxe4 dxe4
19. Rd2 (19. Bxf6 Rxf6 (19... gxf6 20. f5 $16) 20. c3 $14 {SF16}) 19... Rad8
20. Bxf6 Rxd2 21. Qxd2 Rxf6 22. Rd1 Qc5+ 23. Qd4 Qxc2 24. Bc4 h6 25. Bb3 (25.
g3 $11) 25... Qe2 (25... Qc6 $17) 26. Bc4 Qc2 (26... Qg4 $17) 27. Bb3 {Draw
agreed} 1/2-1/2

[Event "Shropshire Open"]
[Site "Telford"]
[Date "2024.01.14"]
[Round "4.10"]
[White "Pink, Joshua"]
[Black "Gunarathne, Senith"]
[Result "1/2-1/2"]
[WhiteElo "2024"]
[BlackElo "1789"]
[Annotator "Van Kemenade, Rudy"]
[PlyCount "200"]
[EventDate "2024.01.12"]
[EventType "swiss"]
[EventRounds "5"]
[EventCountry "ENG"]
[SourceTitle "BritBase"]
[Source "John Saunders"]
[SourceDate "2024.04.05"]
[SourceVersion "1"]
[SourceVersionDate "2024.04.05"]
[SourceQuality "1"]

1. d4 Nf6 2. Nf3 g6 3. Bg5 Bg7 4. Nc3 d6 5. e4 {transposing to a Pirc} Nbd7 (
5... O-O) (5... c6 {main lines}) 6. e5 (6. Bc4) (6. Qd2 {main lines}) 6... dxe5
7. dxe5 Ng4 8. e6 (8. Bf4 {1-1-2}) 8... fxe6 9. Bc4 {4-1-1} Nde5 10. Qxd8+ Kxd8
11. Nxe5 (11. Rd1+ Ke8 12. Nb5 Nxc4 13. Nxc7+ Kf7 14. Nxa8 Nxb2 $15 {
Gungor-Gunes, TUR ch tm 2022,1-0}) (11. O-O-O+ $11) 11... Nxe5 $11 (11... Bxe5
12. O-O-O+ (12. h3 Nf6 13. O-O Bxc3 14. bxc3 Ne4 15. Bh6 Rg8 16. Rad1+ Ke8 $11
{Tampe-Schiewe, GER ch U18 girls, Willingen 2019,1-0}) 12... Ke8 13. Ne4 Rf8
14. f3 Bf4+ 15. Bxf4 Rxf4 16. Rhe1 $14 {Nagy-Mester, HUN ch tm 1993,1/2-1/2})
12. Bb3 Bf6 (12... c6 13. O-O-O+ Ke8 14. Rhe1 Nf7 15. Bf4 Rf8 $11 {SF16}) 13.
Bf4 (13. O-O-O+ Ke8 14. Bxf6 exf6 15. Nb5 $18 {SF16}) 13... Ke8 (13... Nf7 14.
O-O-O+ Nd6 15. Ne4 Bd7 16. Rhe1 e5 17. Bg3 b6 18. f3 $14 {SF16}) 14. Nb5 Kf7
15. Nxc7 (15. O-O-O g5 16. Bg3 c5 17. Rhe1 c4 (17... Ng6 18. Nc7 $18) 18. Bxe5
cxb3 19. axb3 b6 20. Nc7 Rb8 21. Nb5 Ra8 22. Re3 $16 {SF16}) 15... Rb8 16.
O-O-O $14 (16. O-O $16) 16... b5 17. Rhe1 Nc4 18. c3 a6 (18... Rb6 19. Nxb5
Nxb2 20. Kxb2 Rxb5 21. a4 Rc5 22. Rd3 g5 23. Be3 Rc7 24. Bd4 $14 {SF16}) 19. a4
(19. Nxb5 Nxb2 20. Nd6+ exd6 21. Kxb2 Rd8 22. Bxd6 Rb5 23. a4 Rb7 24. Kc2 $18 {
SF16}) 19... Rb6 (19... Nxb2 20. Nxe6 Nxd1 21. Bxb8 Nxc3 22. a5 Bb7 23. Nd8+
Kg7 24. Ne6+ Kh6 25. Ba7 Bd5 $11 {SF16}) 20. axb5 (20. Ba2 $14) 20... axb5 21.
Nxb5 Nxb2 22. Kxb2 Rxb5 23. Kc2 Rb6 $11 24. Re2 Ba6 25. Re3 Rc8 26. Rde1 Bc4
27. Rb1 Rbc6 28. g3 (28. Be5 Bd5 29. Bxf6 Kxf6 30. g3 g5 $11 {SF16}) 28... Bd5
$17 29. Bxd5 exd5 (29... Rxc3+ 30. Rxc3 Rxc3+ 31. Kd2 exd5 32. Rb5 d4 $15 {SF16
}) 30. Kd2 (30. Rb3 d4 31. Rf3 Rc5 32. Bd2 g5 33. g4 h6 34. Rd3 Rc4 $15 {SF16})
30... Bxc3+ (30... Rxc3 31. Rxc3 Bxc3+ 32. Ke2 e5 33. Rb7+ Kf6 34. Bh6 Bd4 $17
{SF16}) 31. Ke2 d4 (31... Kf6 $17) (31... Bf6 $17) (31... Bd4 32. Rd3 e5 $17)
32. Re4 $11 {Bl's centre pawns can now be blockaded} Kf6 33. Kd3 Rc5 34. Rb6+
R8c6 35. Be5+ Kf5 36. g4+ Kg5 37. Bf4+ Kf6 38. Be5+ Kf7 39. Rxc6 Rxc6 40. Bxd4
Bxd4 41. Kxd4 $11 {with the pawns all on the same side, even if Bl does lose
the weak e6 pawn, drawn as long as Rs stay on} Ra6 42. Rf4+ Ke6 43. Ke3 (43. f3
Ra2 44. h4 Ra4+ 45. Ke3 Rxf4 46. Kxf4 Kf6 $11 {and drawn with neither K having
an entry square}) 43... Ra3+ 44. Ke2 Rh3 45. Kf1 Rxh2 {though Bl has won a
pawn, it should still be a draw} 46. Kg1 Rh3 47. f3 h5 48. Kg2 (48. gxh5 Rxh5
$11 (48... gxh5 $2 49. Kg2 $18)) 48... hxg4 49. Rxg4 Rh6 50. Re4+ Kf6 51. Kg3
Rh5 52. Rf4+ Rf5 53. Ra4 e5 54. Ra6+ Kg5 55. Re6 Kh5 56. Re8 Kh6 57. Re7 Rg5+
58. Kf2 Rh5 59. Kg3 Rf5 60. Rd7 Kg5 61. Rd8 Kf6 62. Rd6+ Kf7 63. Rc6 Rf6 64.
Rc5 Ke6 65. Ra5 Kf5 66. Rb5 Rd6 67. Rb8 Rd3 68. Rf8+ Ke6 69. Re8+ Kf6 70. Kg4
Rd4+ 71. Kg3 Rf4 72. Rf8+ Kg5 73. Re8 Rf5 {20 moves without a cature or pawn
move} 74. Rxe5 Rxe5 75. f4+ Kf5 76. fxe5 Kxe5 77. Kg4 {the K & P ending is
also drawn as Bl needs his K to be in front of his pawn( and to have the
opposition)} Ke6 78. Kg5 Kf7 79. Kg4 Kg8 80. Kg5 Kg7 81. Kg4 Kf6 82. Kf4 g5+
83. Kg4 Kg6 84. Kg3 {falling back to the reserve blockade square each time} Kf5
85. Kf3 Ke5 86. Kg4 Kf6 87. Kg3 Kf5 88. Kf3 g4+ 89. Kg3 Kg5 90. Kg2 Kg6 91. Kg3
Kh5 92. Kg2 Kh4 93. Kh2 g3+ 94. Kg2 Kg4 95. Kg1 Kf3 96. Kf1 Kf4 97. Kg2 Kg4 98.
Kg1 Kh3 99. Kh1 g2+ 100. Kg1 Kg3 1/2-1/2